Mecánica cuántica : la otra realidad : física /

Primero de seis tomos de esta serie sobre varios de los más importantes avances de la ciencia a lo largo del siglo XX. Una reflexión de investigadores mexicanos sobre algunos resultados revolucionarios de la teoría de fenómenos cuánticos, como la superconductividad y el transistor hasta llegar a lo...

Ful tanımlama

Kaydedildi:
Detaylı Bibliyografya
Yazar: Fortes Besprosvani, Mauricio (coord.)
Diğer Yazarlar: Cons Escamilla, Alejandro (realizacion) (realizacion), Domínguez Cevallos, Lucina (guión) (guión), Puertas Rivas, José Luis (guión) (guión), Téllez Proal, Ricardo (fotógrafo) (fotógrafo), Chávez Téllez, Eduardo (fotógrafo) (fotógrafo), Rodríguez Torreblanca, Eduardo (fotógrafo) (fotógrafo), Tamez Domínguez, Gerardo (música) (música), Santos Hernández, Diana (actuación) (actuación), Rodríguez Sánchez, Marco Antonio (actuación) (actuación), Gómez Millán, Pedro (actuación) (actuación)
Materyal Türü: Saydam/Asetat
Dil:İspanyolca
Baskı/Yayın Bilgisi: México : Secretaría de Educación Pública : Instituto Latinoamericano de la Comunicación Educativa, 2000, c2000
Seri Bilgileri:(Revoluciones Científicas Siglo XX ; 1)
Konular:
Etiketler: Etiketle
Etiket eklenmemiş, İlk siz ekleyin!

MARC

LEADER 00000ngm^a2200000^a^4500
001 000136013
005 20250521000000.0
009 20260310095304.773
037 |a Acervo ITESO - Biblioteca 
041 |a ESP 
082 |a 509.  |b FOR V. 1 
100 |a Fortes Besprosvani, Mauricio  |e (coord.) 
240 1 1 |a [Revoluciones científicas siglo XX] 
245 1 0 |a Mecánica cuántica :  |b la otra realidad : física /  |c Coord. de la serie de M. Fortes Besprosvani ; dir. de A. Cons Escamilla. 
264 4 |a México :  |b Secretaría de Educación Pública :  |b Instituto Latinoamericano de la Comunicación Educativa,  |c 2000, c2000 
300 |a 1 videocasete VHS  |c (28 min.) 
336 |a imagen móvil bidimensional  |b tdi  |2 rdacontenido 
337 |a video  |b v  |2 rdamedio 
338 |a videocasete  |b vf  |2 rdasoporte 
440 1 |a (Revoluciones Científicas Siglo XX ;  |v 1) 
520 |a Primero de seis tomos de esta serie sobre varios de los más importantes avances de la ciencia a lo largo del siglo XX. Una reflexión de investigadores mexicanos sobre algunos resultados revolucionarios de la teoría de fenómenos cuánticos, como la superconductividad y el transistor hasta llegar a lo que será en un futuro la computación cuántica, constituye el núcleo de este primer episodio. 
649 |a XX 
650 |a Científicos Mexicanos 
650 |a Física 
650 |a Superconductividad 
650 |a Transistores 
650 |a Semiconductores 
650 |a Conductividad Eléctrica 
650 |a Circuitos Electrónicos 
650 |a Ingeniería Electrónica 
650 |a Ingeniería Computacional 
650 |a Descubrimientos Científicos 
650 |a Desarrollo Tecnológico 
650 |a Tecnología 
650 |a Ciencia -  |z México -  |x Historia -  |y Siglo XX 
650 |a Ciencia -  |x Historia -  |y Siglo XX 
600 |a Mecánica Cuántica 
700 |a Cons Escamilla, Alejandro  |e (realizacion) 
700 |a Domínguez Cevallos, Lucina  |e (guión) 
700 |a Puertas Rivas, José Luis  |e (guión) 
700 |a Téllez Proal, Ricardo  |e (fotógrafo) 
700 |a Chávez Téllez, Eduardo  |e (fotógrafo) 
700 |a Rodríguez Torreblanca, Eduardo  |e (fotógrafo) 
700 |a Tamez Domínguez, Gerardo  |e (música) 
700 |a Santos Hernández, Diana  |e (actuación) 
700 |a Rodríguez Sánchez, Marco Antonio  |e (actuación) 
700 |a Gómez Millán, Pedro  |e (actuación) 
910 |a Fondo General 
920 |a Audiovisuales - Videocasetes 
905 |a 301 
901 |a 0500055644  |b IT2  |c VIS  |u 20250521 
902 |a https://opac.biblio.iteso.mx/vufind/Record/000136013